English pronouncing dictionary (Record no. 87635)

MARC details
000 -LEADER
fixed length control field 00542nam a2200217Ia 4500
003 - CONTROL NUMBER IDENTIFIER
control field OSt
005 - DATE AND TIME OF LATEST TRANSACTION
control field 20220827122310.0
008 - FIXED-LENGTH DATA ELEMENTS--GENERAL INFORMATION
fixed length control field 210210b1977 xxu||||| |||| 00| 0 eng d
020 ## - INTERNATIONAL STANDARD BOOK NUMBER
International Standard Book Number 0 460 03097 3
040 ## - CATALOGING SOURCE
Transcribing agency AL
041 ## - LANGUAGE CODE
Language code of text/sound track or separate title English
082 ## - DEWEY DECIMAL CLASSIFICATION NUMBER
Classification number 421.52 JONE
100 ## - MAIN ENTRY--PERSONAL NAME
Personal name JONES (Daniel) and GIMSON (A C)
9 (RLIN) 55790
245 ## - TITLE STATEMENT
Title English pronouncing dictionary
250 ## - EDITION STATEMENT
Edition statement 14
260 ## - PUBLICATION, DISTRIBUTION, ETC.
Place of publication, distribution, etc. London.
Name of publisher, distributor, etc. ELBS, J M Dent & Sons Ltd.,
Date of publication, distribution, etc. 1977
300 ## - PHYSICAL DESCRIPTION
Extent xxxii,560
690 ## - LOCAL SUBJECT ADDED ENTRY--TOPICAL TERM (OCLC, RLIN)
Topical term or geographic name as entry element Dictionaries
9 (RLIN) 55791
906 ## - LOCAL DATA ELEMENT F, LDF (RLIN)
a 037585
942 ## - ADDED ENTRY ELEMENTS (KOHA)
Source of classification or shelving scheme Dewey Decimal Classification
Koha item type Book
Holdings
Withdrawn status Lost status Source of classification or shelving scheme Damaged status Not for loan Collection code Home library Current library Date acquired Cost, normal purchase price Total Checkouts Full call number Barcode Date last seen Price effective from Koha item type
    Dewey Decimal Classification   Reference Book English St Aloysius Library St Aloysius Library 02/17/2021 0.00   421.52 JONE 037585 02/17/2021 02/17/2021 Book
    Dewey Decimal Classification     English St Aloysius Library St Aloysius Library 02/17/2021 0.00   421.52 JONE 039096 02/17/2021 02/17/2021 Book
    Dewey Decimal Classification     English St Aloysius Library St Aloysius Library 02/17/2021 0.00   421.52 JONE 039097 02/17/2021 02/17/2021 Book
    Dewey Decimal Classification     English St Aloysius Library St Aloysius Library 02/17/2021 0.00   421.52 JONE 039098 02/17/2021 02/17/2021 Book
    Dewey Decimal Classification     English St Aloysius Library St Aloysius Library 02/17/2021 0.00   421.52 JONE 039099 02/17/2021 02/17/2021 Book
    Dewey Decimal Classification     English St Aloysius Library St Aloysius Library 02/17/2021 0.00   421.52 JONE 039100 02/17/2021 02/17/2021 Book